|
|
|
|
| LEADER |
00826nam a2200217 a 4500 |
| 001 |
3585499 |
| 008 |
110130r20031963enk 000 0 eng d |
| 010 |
|
|
|a 63001450
|
| 020 |
|
|
|a 019881092x
|
| 040 |
|
|
|a DLC
|c DLC
|d DLC
|d BD-DhAAL
|
| 082 |
0 |
0 |
|a 170
|
| 100 |
1 |
|
|a Hare, R. M.
|q (Richard Mervyn)
|
| 245 |
1 |
0 |
|a Freedom and reason /
|c R. M. Hare
|
| 260 |
|
|
|a Oxford,
|b Clarendon Press,
|c 1963 [reprinted 2003].
|
| 300 |
|
|
|a 228 p.
|c 19 cm.
|
| 541 |
1 |
|
|e 00014941
|
| 650 |
|
0 |
|a Ethics.
|
| 852 |
|
|
|a Ayesha Abed Library
|c General Shelf.
|
| 999 |
|
|
|c 10409
|d 10409
|
| 952 |
|
|
|0 0
|1 0
|2 ddc
|4 0
|6 170_HAR
|7 0
|9 14278
|a BRACUL
|b BRACUL
|c GEN
|d 2011-01-31
|l 3
|m 29
|o 170 HAR
|p 3010014941
|r 2025-06-25
|s 2025-06-19
|t 1
|w 2011-01-31
|y BK
|
| 952 |
|
|
|0 0
|1 0
|2 ddc
|4 0
|6 170_HAR
|7 0
|9 16790
|a BRACUL
|b BRACUL
|c GEN
|d 2011-05-28
|l 0
|o 170 HAR
|p 3010014942
|r 2011-05-28
|t 2
|w 2011-05-28
|y BK
|